Films Cultes #1 - Statistiques

Statistiques générales
  • Ce quiz a été pris 495 fois
  • Le résultat moyen est 8 sur 16
Statistiques - réponses
Par images Réponse % Correct
Rocky
94%
Léon
83%
Pulp Fiction
83%
Le Bon, la Brute et le Truand
63%
Django unchained
58%
Fury
52%
Ready Player One
51%
Whiplash
48%
Gatsby Le Magnifique
45%
Inglorious Bastards
41%
Taxi Driver
40%
Gran Torino
38%
007
35%
Good Morning Vietnam
33%
Snatch
26%
Platoon
19%
Aucun quiz correspondant
Distribution des résultats
% des personnes avec chaque résultat
Percentile par nombre de réponses
Votre historique - résultats
Vous n’avez pas pris ce quiz